<?xml version="1.0" encoding="UTF-8"?>
<collection xmlns="http://www.loc.gov/MARC21/slim">
<record>
  <controlfield tag="001">167373</controlfield>
  <controlfield tag="005">20260121151435.0</controlfield>
  <datafield tag="037" ind1=" " ind2=" ">
    <subfield code="a">TAZ-TFG-2025-1071</subfield>
  </datafield>
  <datafield tag="041" ind1=" " ind2=" ">
    <subfield code="a">spa</subfield>
  </datafield>
  <datafield tag="100" ind1="1" ind2=" ">
    <subfield code="a">Valenciano Salvanés, Lucía</subfield>
  </datafield>
  <datafield tag="242" ind1="0" ind2="0">
    <subfield code="a">Lucretia in Baroque painting: the sexualization of her tragedy versus the exaltation of her dignity</subfield>
  </datafield>
  <datafield tag="245" ind1="0" ind2="0">
    <subfield code="a">Lucrecia en la pintura barroca: la sexualización de su tragedia frente a la exaltación de su dignidad</subfield>
  </datafield>
  <datafield tag="260" ind1=" " ind2=" ">
    <subfield code="a">Zaragoza</subfield>
    <subfield code="b">Universidad de Zaragoza</subfield>
    <subfield code="c">2025</subfield>
  </datafield>
  <datafield tag="506" ind1=" " ind2=" ">
    <subfield code="a">by-nc-sa</subfield>
    <subfield code="b">Creative Commons</subfield>
    <subfield code="c">3.0</subfield>
    <subfield code="u">http://creativecommons.org/licenses/by-nc-sa/3.0/</subfield>
  </datafield>
  <datafield tag="520" ind1=" " ind2=" ">
    <subfield code="a">Este Trabajo de Fin de Grado analiza la representación de Lucrecia en la pintura de los siglos XVI y XVII, explorando la tensión entre su sexualización y la exaltación de sus virtudes. A través del estudio de obras de Tiziano, Artemisia Gentileschi o Rembrandt, y del contexto histórico, religioso y político, se evidencia cómo la protagonista fue utilizada tanto para satisfacer el gusto erótico de la época como para transmitir los principios morales propios de la Contrarreforma. Además, también se comparan los diferentes enfoques de su historia, subrayando cómo artistas como Gentileschi rompieron &lt;br />con la visión patriarcal dominante al presentar a Lucrecia desde una perspectiva empática y poderosa. En definitiva, se revela cómo el cuerpo y la tragedia de esta heroína fueron instrumentalizados para reflejar la moral y las contradicciones de la sociedad de la Edad Moderna.&lt;br />&lt;br /></subfield>
  </datafield>
  <datafield tag="521" ind1=" " ind2=" ">
    <subfield code="a">Graduado en Historia del Arte</subfield>
  </datafield>
  <datafield tag="540" ind1=" " ind2=" ">
    <subfield code="a">Derechos regulados por licencia Creative Commons</subfield>
  </datafield>
  <datafield tag="856" ind1="0" ind2=" ">
    <subfield code="f">799035@unizar.es</subfield>
  </datafield>
  <datafield tag="856" ind1="4" ind2=" ">
    <subfield code="s">4099831</subfield>
    <subfield code="u">http://zaguan.unizar.es/record/167373/files/TAZ-TFG-2025-1071.pdf</subfield>
    <subfield code="y">Memoria (spa)</subfield>
  </datafield>
  <datafield tag="909" ind1="C" ind2="O">
    <subfield code="o">oai:zaguan.unizar.es:167373</subfield>
    <subfield code="p">driver</subfield>
    <subfield code="p">trabajos-fin-grado</subfield>
  </datafield>
  <datafield tag="950" ind1=" " ind2=" ">
    <subfield code="a"></subfield>
  </datafield>
  <datafield tag="691" ind1=" " ind2=" ">
    <subfield code="a">4 5 10</subfield>
  </datafield>
  <datafield tag="692" ind1=" " ind2=" ">
    <subfield code="a">Este TFG contribuye a los ODS al promover la igualdad de género mediante el análisis crítico de la representación patriarcal de Lucrecia en el arte, visibilizando enfoques más críticos y empoderados. También fomenta la reducción de desigualdades al cuestionar los discursos de poder que moldearon estas imágenes, y favorece una educación de calidad al ofrecer una mirada crítica e interdisciplinar sobre el Arte y la Historia.</subfield>
  </datafield>
  <datafield tag="700" ind1=" " ind2=" ">
    <subfield code="a">Carretero Calvo, Rebeca</subfield>
    <subfield code="e">dir.</subfield>
  </datafield>
  <datafield tag="710" ind1="2" ind2=" ">
    <subfield code="a">Universidad de Zaragoza</subfield>
    <subfield code="b">Historia del Arte</subfield>
    <subfield code="c">Historia del Arte</subfield>
  </datafield>
  <datafield tag="980" ind1=" " ind2=" ">
    <subfield code="a">TAZ</subfield>
    <subfield code="b">TFG</subfield>
    <subfield code="c">FFYL</subfield>
  </datafield>
  <datafield tag="999" ind1=" " ind2=" ">
    <subfield code="a">20250522182754.CREATION_DATE</subfield>
  </datafield>
  <datafield tag="951" ind1=" " ind2=" ">
    <subfield code="a">deposita:2026-01-21</subfield>
  </datafield>
</record>
</collection>